Normal view
MARC view
Entry Personal Name
001 - CONTROL NUMBER
- control field: 49940
003 - CONTROL NUMBER IDENTIFIER
- control field: dpl
005 - DATE AND TIME OF LATEST TRANSACTION
- control field: 20120706154521.0
008 - FIXED-LENGTH DATA ELEMENTS
- fixed length control field: 120706|||a|||||| | ||| d
040 ## - CATALOGING SOURCE
- Original cataloging agency: dpl
- Transcribing agency: dpl
100 ## - HEADING--PERSONAL NAME
- Personal name: Raju S. V.
670 ## - SOURCE DATA FOUND
- Source citation: Work cat.: (dpl)11331: Raju S. V., Minoo Masani/, 2007
670 ## - SOURCE DATA FOUND
- Source citation: Work cat.: (dpl)11331: Raju S. V., Minoo Masani/, 2007
